Two Syllable Word Chain - Statistics

General Stats
  • This quiz has been taken 44 times
  • The average score is 13 of 17
Answer Stats
Definition Word % Correct
Liquid magma on the earth’s surface, released by volcanoes Lava
97%
A five cent coin Nickel
97%
Curved path of an object round a star, planet or moon Orbit
97%
Group of young animals born to an animal at the same time Litter
92%
Reflection of sound waves back to the listener Echo
89%
Object fired by clue #1 Bullet
84%
A short journey to pick up or collect something, often done on behalf of someone Errand
84%
To closely imitate the actions of someone or something Mimic
78%
Series of waves on the surface of water Ripple
78%
A small flow of liquid Trickle
76%
Collection of media, often of music and audio recordings Album
73%
The principle of whether something is right or wrong behaviour Moral
73%
Object used to fire small shots at small range, or a colloquial term for riding in the front seat of a car Shotgun
70%
Bicycle with two seats and two sets of pedals Tandem
70%
To show someone a certain way to travel or to move Direct
54%
Test of the qualities or performance of someone or something Trial
51%
Amount of electricity transported in one second by one ampere of charge Coulomb
24%
No matching quizzes found
Score Distribution
Percent of People with Each Score
Percentile by Number Answered
Your Score History
You have not taken this quiz